Countries with the Most Container Port Traffic - Statistics

General Stats
  • This quiz has been taken 63,028 times
    28,457 since last reset
  • The average score is 17 of 21
Answer Stats
TEU Country % Correct
269 m China
99%
62.2 m United States
99%
19.7 m India
95%
22.5 m Japan
95%
9.74 m United Kingdom
95%
11.7 m Brazil
94%
17.2 m Spain
90%
12.4 m Indonesia
89%
11.6 m Italy
87%
13.7 m Germany
86%
28.5 m South Korea
86%
10.5 m Saudi Arabia
80%
12.4 m Turkey
79%
10.5 m Thailand
78%
20.5 m Vietnam
78%
27.3 m Malaysia
76%
14.9 m Netherlands
74%
37.3 m Singapore
73%
14.7 m Taiwan
70%
20.3 m United Arab Emirates
65%
12.3 m Belgium
57%
No matching quizzes found
Score Distribution
Percent of People with Each Score
Percentile by Number Answered
Your Score History
You have not taken this quiz since the last reset